00837nam a22001817a 4500003000400000008004100004020001800045082001500063100001600078245006000094260003800154300001200192650001900204942001300223999001700236952020100253952020100454OSt240702b |||||||| |||| 00| 0 eng d a9780141016405 a658.8bGOP aGODIN, Seth aPurple cow: transform your business by being remarkable aUK:bPenguin Random House,c2019. ax,144p. aGeneral Books  2ddccREF c12717d12717 00102ddc40708GENERALaPIETbPIETd2024-06-18eZafaa Books and DistributorsfIn rupeesg599.00kZBD0076l1o658.8 GOPp37655q2025-01-28r2024-07-12 00:00:00s2024-07-12v389.35w2024-06-18yBK 00102ddc40708GENERALaPIETbPIETd2024-06-18eZafaa Books and DistributorsfIn rupeesg599.00kZBD0077l1o658.8 GOPp37671q2025-01-28r2024-07-12 00:00:00s2024-07-12v389.35w2024-06-18yBK